<?xml version="1.0" encoding="UTF-8"?>
<record
    xmlns:xsi="http://www.w3.org/2001/XMLSchema-instance"
    xsi:schemaLocation="http://www.loc.gov/MARC21/slim http://www.loc.gov/standards/marcxml/schema/MARC21slim.xsd"
    xmlns="http://www.loc.gov/MARC21/slim">

  <leader>00262nam a22001217a 4500</leader>
  <datafield tag="040" ind1=" " ind2=" ">
    <subfield code="c">HS</subfield>
  </datafield>
  <datafield tag="082" ind1=" " ind2=" ">
    <subfield code="a">624</subfield>
  </datafield>
  <datafield tag="100" ind1=" " ind2=" ">
    <subfield code="a">&#x17A1;&#x17C4; &#x179B;&#x17B8;&#x178F;&#x17BD;</subfield>
  </datafield>
  <datafield tag="245" ind1=" " ind2=" ">
    <subfield code="a">&#x1798;&#x17C9;&#x17C1;&#x1780;&#x17B6;&#x1793;&#x17B7;&#x1780;&#x178A;&#x17B8;</subfield>
  </datafield>
  <datafield tag="260" ind1=" " ind2=" ">
    <subfield code="a">RUA</subfield>
    <subfield code="b">&#x17A1;&#x17C4; &#x179B;&#x17B8;&#x178F;&#x17BD;</subfield>
    <subfield code="c">2011</subfield>
  </datafield>
  <datafield tag="300" ind1=" " ind2=" ">
    <subfield code="a">53p;</subfield>
  </datafield>
  <datafield tag="942" ind1=" " ind2=" ">
    <subfield code="c">KB</subfield>
  </datafield>
  <datafield tag="999" ind1=" " ind2=" ">
    <subfield code="c">9359</subfield>
    <subfield code="d">9359</subfield>
  </datafield>
  <datafield tag="952" ind1=" " ind2=" ">
    <subfield code="0">0</subfield>
    <subfield code="1">0</subfield>
    <subfield code="4">0</subfield>
    <subfield code="6">624_000000000000000_&#x17A1;&#x17C4;_2011_C244</subfield>
    <subfield code="7">0</subfield>
    <subfield code="9">51181</subfield>
    <subfield code="a">LBC</subfield>
    <subfield code="b">LBC</subfield>
    <subfield code="c">C244</subfield>
    <subfield code="d">2016-08-31</subfield>
    <subfield code="l">1</subfield>
    <subfield code="o">624 &#x17A1;&#x17C4; 2011 C244</subfield>
    <subfield code="p">RUA44732</subfield>
    <subfield code="r">2018-12-21</subfield>
    <subfield code="s">2018-12-04</subfield>
    <subfield code="y">KB</subfield>
  </datafield>
  <datafield tag="952" ind1=" " ind2=" ">
    <subfield code="0">0</subfield>
    <subfield code="1">0</subfield>
    <subfield code="4">0</subfield>
    <subfield code="6">624_000000000000000_&#x17A1;&#x17C4;_2011_C244</subfield>
    <subfield code="7">0</subfield>
    <subfield code="9">51182</subfield>
    <subfield code="a">LBC</subfield>
    <subfield code="b">LBC</subfield>
    <subfield code="c">C244</subfield>
    <subfield code="d">2016-08-31</subfield>
    <subfield code="o">624  &#x17A1;&#x17C4; 2011 C244</subfield>
    <subfield code="p">RUA042677</subfield>
    <subfield code="r">2016-08-31</subfield>
    <subfield code="y">KB</subfield>
  </datafield>
</record>
